| 000 | 00709nam a2200193Ia 4500 | ||
|---|---|---|---|
| 008 | 090123s9999 xx 000 0 und d | ||
| 082 |
_b24373 _a891.463/गुजर |
||
| 100 | _aगार्डनर अर्ल स्टॅन्ले | ||
| 245 | _aअजब गुंतागुंत | ||
| 250 | _a1 | ||
| 260 |
_bनिशीगंध प्रकाशन _c1995 |
||
| 300 | _a211 | ||
| 600 | _aगार्डनर अर्ल स्टॅन्ले | ||
| 630 | _aअजब गुंतागुंत | ||
| 700 | _aगार्डनर अर्ल स्टॅन्ले | ||
| 700 | _aगुजर अनिल | ||
| 730 | _aअजब गुंतागुंत | ||
| 942 | _cBOOK | ||
| 999 |
_c62444 _d62444 |
||